000 00805nam a22002417a 4500
005 20170412113504.0
010 _aBAC-EN21 ENG-111650
020 _a9789350331071
_c295.00
035 _aEN-95182
035 _aB-579258-287
035 _aB-667505
037 _bKBD/Ven
_adpl
037 _bDBAD/PUB
082 _aS
100 _aMaupassant,Guy de
245 _aSelected short stories /
_cby Guy de Maupassant
260 _aNoida
_bMaple Press
_c2014
270 _aA-63, Sector-58,
_bNoida
_e201301
300 _a536p.
_c22cm(pbk)
942 _2ddc
_cEN
_mMAU
_hS
999 _c89480
_d89480